Stadtbahn Stuttgart - Statistiken

Allgemein
  • Dieses Quiz wurde 105 mal gespielt
  • Das Durchschnittsergebnis liegt bei 15 aus 15
Antwortstatistiken
Endstation Endstation Antwort % Korrekt
Helsach Vogelrain Fellbach Lutherkirche U1
100%
Stammheim Ruhbank (Fernsehturm)/Heumaden U15
100%
Botnang Neugereut U2
100%
Plieningen Vaihingen Bf. U3
100%
Flughafen/ Messe Gerlingen U6
100%
Mönchfeld Nellingen Ostfildern U7
100%
Neckargröningen Remseck Dürrlewang U12
99%
Untertürkheim Bf. Hölderlinplatz U4
99%
Leinfelden Neuer Markt Killersberg U5
99%
Hedelfingen Vogelsang/ Botnang U9
99%
Feuerbach Pfostenwäldle Hedelfingen U13
98%
Vaihingen Bf. Mühlhausen U14
98%
Vaihingen Bf. Heumaden U8
98%
Giebel Fellbach Lutherkirche U16
96%
Neugereut Bad Cannstatt Wilhelmsplatz/NeckarPark (Stadion) U19
92%
Keine übereinstimmenden Quizze gefunden
Verteilung der Resultate
Anzahl Personen mit jedem Resultat
Perzentil nach korrekt beantworteten Fragen
Ihre Resultats-Entwicklung
Sie haben dieses Quiz noch nicht gespielt